000 00765nam a2200217Ii 4500
003 JO-AjNU
008 230605s9999||||xx |||||||||||||| ||und||
017 _a2004/9/2151
040 _aJO-AjNU
_bara
_erda
_cJO-AjNU
041 _aara
050 1 4 _aHC59.U4382.2004
100 3 _aالعمري،محمد امين,
_eauthor
_924885
245 0 0 _aتدريس الجغرافيا وفق رؤية الاقتصاد المعرفي(النظرية والتطبيق)
250 _aط1
264 3 1 _aالزرقاء :المؤلف،2004
300 _a166ص
336 _atext
_btxt
_2rdacontent
337 _aunmediated
_bn
_2rdamedia
338 _avolume
_bnc
_2rdacarrier
650 4 _aالجغرافيا الاقتصادية - تكنولوجيا المعلومات 
_924886
999 _aA9235
_c12803
_d12803